Polskie miasta na literę O na mapie - Statystyki

Ogólne statystyki
  • Ten quiz został rozwiązany 56 razy
  • Średni wynik to 21 z 49
Odpowiedzi na mapie
Odpowiedzi zakodowano w zielono-czerwonej skali na mapie do tego quizu, zgodnie z poniższymi procentami.
 
Statystyki odpowiedzi
Województwo Miasto Populacja % Poprawnych
Opolskie Opole 125k
98%
Warmińsko-Mazurskie Olsztyn 165k
96%
Śląskie Olsztyn 2,5k
96%
Świętokrzyskie Ostrowiec Świętokrzyski 60k
83%
Wielkopolski Ostrów Wielkopolski 70k
81%
Mazowieckie Ostrołęka 50k
79%
Dolnośląskie Oława 33k
73%
Dolnośląskie Oleśnica 35k
73%
Świętokrzyskie Oleśnica 1,7k
73%
Warmińsko-Mazurskie Ostróda 31k
69%
Mazowieckie Otwock 44k
69%
Małopolskie Olkusz 32k
67%
Mazowieckie Ostrów Mazowiecka 21k
67%
Świętokrzyskie Opatów 6k
65%
Warmińsko-Mazurskie Olecko 16k
63%
Małopolskie Oświęcim 35k
63%
Warmińsko-Mazurskie Olsztynek 7k
62%
Świętokrzyskie Ożarów 4,6k
60%
Łódzkie Opoczno 21k
58%
Opolskie Olesno 9k
52%
Wielkopolskie Oborniki 17k
48%
Lubelskie Opole Lubelskie 8k
42%
Wielkopolskie Ostrzeszów 14k
42%
Warmińsko-Mazurskie Orzysz 5k
38%
Mazowieckie Ożarów Mazowiecki 15k
37%
Małopolskie Opatowiec 300
35%
Dolnośląskie Oborniki Śląskie 9k
31%
Śląskie Ogrodzieniec 4k
29%
Śląskie Orzesze 22k
29%
Opolskie Otmuchów 6k
29%
Łódzkie Ozorków 18k
29%
Wielkopolskie Opalenica 9k
27%
Wielkopolskie Opatówek 3,5k
25%
Warmińsko-Mazurskie Orneta 8k
25%
Mazowieckie Osieck 1k
21%
Świętokrzyskie Osiek 2k
21%
Lubuskie Ośno Lubuskie 4k
19%
Dolnośląskie Olszyna 4k
17%
Lubelskie Ostrów Lubelski 2k
17%
Opolskie Ozimek 8k
17%
Wielkopolskie Odolanów 10k
15%
Mazowieckie Odrzywół 1k
15%
Wielkopolskie Okonek 4k
15%
Lubuskie Otyń 1,7k
13%
Łódzkie Osjaków 1,3k
12%
Wielkopolskie Obrzycko 2,4k
10%
Podkarpackie Oleszyce 2,8k
10%
Wielkopolskie Osieczna 2,3k
8%
Wielkopolskie Ostroróg 2k
8%
Nie znaleziono quizów pasujących do podanych kryteriów
Rozkład punktacji
Procent ludzi z każdym wynikiem
Percentyl według liczby udzielonych odpowiedzi
Twoja historia wyników
Nie rozwiązałeś tego quizu